LDR 01001naa#a2200193#i#450# 001 RU\\bibl\125498 005 20260705062014.7 011 ## _a2658-4026 100 ## _a20260630b2026####ek#y0rusy0150####ca 102 ## _aRU 200 1# _aМетодический подход к оцениванию знаний обучающихся при конструируемых методах ответа в автоматизированных обучающих системах _eЖурнальная статья 210 1# _aБрянск _cБрянский государственный технический университет _d2026 215 ## _a7 с. 608 ## _aЖурнальная статья _2local 675 ## _aЭргономика. 331.101.1 _aПсихотехника. 159.98 _z 700 #1 _aБагрецов _gСергей Алексеевич 700 #1 _aКоновальчик _gМаксим Сергеевич 700 #1 _aРозанова _gЛюдмила Владимировна 856 4# _azh-szf.ru _u